The JCT Minor Works Building Contracts 2016 (Record no. 116093)

MARC details
000 -LEADER
fixed length control field 01378cam a2200253 4500
001 - CONTROL NUMBER
control field L159711
008 - FIXED-LENGTH DATA ELEMENTS--GENERAL INFORMATION
fixed length control field 171214n2018 000 0 eng u
020 ## - INTERNATIONAL STANDARD BOOK NUMBER
International Standard Book Number 9781119415541
035 ## - SYSTEM CONTROL NUMBER
System control number (Sirsi) u159711
041 0# - LANGUAGE CODE
Language code of text/sound track or separate title eng
050 04 - LIBRARY OF CONGRESS CALL NUMBER
Classification number 692.8 $2 18
100 1# - MAIN ENTRY--PERSONAL NAME
Personal name Chappell, David
245 04 - TITLE STATEMENT
Title The JCT Minor Works Building Contracts 2016
250 ## - EDITION STATEMENT
Edition statement 5th ed.
260 ## - PUBLICATION, DISTRIBUTION, ETC.
Place of publication, distribution, etc. Oxford
Name of publisher, distributor, etc. Wiley Blackwell
Date of publication, distribution, etc. 2018
300 ## - PHYSICAL DESCRIPTION
Extent xi, 248p.
Dimensions 25cm.
505 1# - FORMATTED CONTENTS NOTE
Formatted contents note The purpose and use of MW and MWD -- Contract comparisons -- Contract documents and insurance -- Architect -- Contractor -- Employer -- Quantity surveyor and clerk of works -- Subcontractors and suppliers -- Possession, completion and defects -- Claims -- Payment -- Termination -- Contractor's designed portion -- Dispute resolution procedures -- Table of cases
520 ## - SUMMARY, ETC.
Summary, etc. Discusses the practical applications of the JCT Minor Works Building Contract (2016 Edition) and with Contractor's Design (2016 Edition). Outlines the legal aspects of the form, with reference to flow charts, tables and sample letters. Takes into account around 70 new cases and the CDM 2015 Regulations..
650 24 - SUBJECT ADDED ENTRY--TOPICAL TERM
Topical term or geographic name entry element JCT MINOR WORKS BUILDING CONTRACT (2016 EDITION)
650 24 - SUBJECT ADDED ENTRY--TOPICAL TERM
Topical term or geographic name entry element JCT MINOR WORKS BUILDING CONTRACT WITH CONTRACTOR'S DESIGN (2016 EDITION)
651 #4 - SUBJECT ADDED ENTRY--GEOGRAPHIC NAME
Geographic name United Kingdom
690 ## - LOCAL SUBJECT ADDED ENTRY--TOPICAL TERM (OCLC, RLIN)
Topical term or geographic name as entry element Contracts
9 (RLIN) 6232
942 ## - ADDED ENTRY ELEMENTS (KOHA)
Suppress in OPAC 0
Source of classification or shelving scheme Dewey Decimal Classification
Holdings
Withdrawn status Lost status Source of classification or shelving scheme Damaged status Not for loan Home library Current library Shelving location Date acquired Total Checkouts Full call number Barcode Date last seen Copy number Price effective from Koha item type
    Dewey Decimal Classification     London London Books 14/12/2017   692.8 CHA 30075138 06/08/2019 1 06/08/2019 Book